El tango: la pasion del 2 x 4 /
Guardado en:
| Autor Principal: | |
|---|---|
| Formato: | Libro |
| Publicado: |
Buenos Aires :
Policial
|
| Series: | Colección Diversus; No.322
|
| Materias: | |
| Etiquetas: |
Agregar Etiqueta
Sin Etiquetas, Sea el primero en etiquetar este registro!
|
| LEADER | 00703nam a22002055a 4500 | ||
|---|---|---|---|
| 001 | CEM.cems011606 | ||
| 005 | 20071022114007.0 | ||
| 008 | 130507b######################000#0#####d | ||
| 003 | CEMS | ||
| 020 | |a 9509071552 | ||
| 082 | 0 | 4 | |a 784.4 |
| 100 | 1 | |a Himschoot, Oscar B. | |
| 245 | 1 | 0 | |a El tango: la pasion del 2 x 4 / |c Oscar B. Himschoot |
| 260 | |a Buenos Aires : |b Policial | ||
| 300 | |a 95 p. | ||
| 490 | 0 | |a Colección Diversus; No.322 | |
| 505 | 0 | |a Orígenes del tango -- Las primeras letras -- Los primeros músicos -- La década del 40 -- El tango en París -- El cine y el tango -- | |
| 653 | |a Tango | ||
| 653 | |a Música-argentina | ||
| 859 | |a CEMS |b BIB. CEMS - 11 de abril |h 784.4 |i H57 |p 22551.04 |t Ej.1 | ||
